| 000 | 00391nam a2200133 4500 | ||
|---|---|---|---|
| 999 |
_c513604 _d513604 |
||
| 008 | 200313b ||||| |||| 00| 0 eng d | ||
| 100 |
_aSrivastava, Rohit _916765 |
||
| 245 | _aA national security strategy: Need of an emerging power | ||
| 260 | _bWorld Affairs | ||
| 300 | _a23(4), Oct-Dec, 2019: p.96-104. | ||
| 773 | _aWorld Affairs | ||
| 906 | _aNational security | ||
| 942 |
_2ddc _cAR |
||